000
00326nam a2200121Ia 4500
008
220204s9999 xx 000 0 und d
082
_a
681.322
_b
JAI
100
_a
Anand, M M S
245
0
_a
Digital electronics practice using integrated circuits
260
_a
New Delhi
_b
Tata McGraw Hill
_c
1986
700
_a
R P
942
_c
BK
999
_c
39301
_d
39301